Most Populous States in 1850 - Statistics

General Stats
  • This quiz has been taken 43 times
  • The average score is 9 of 10
Answer Stats
Hint Answer Population % Correct
1. New York 3.1 million
100%
4. Virginia 1.42 million
100%
3. Ohio 1.98 million
97%
2. Pennsylvania 2.31 million
97%
6. Massachusetts 0.99 million
94%
9. Georgia 0.91 million
89%
10. North Carolina 0.87 million
89%
5. Tennessee 1 million
83%
8. Kentucky 0.98 million
81%
7. Indiana 0.99 million
72%
No matching quizzes found
Score Distribution
Percent of People with Each Score
Percentile by Number Answered
Your Score History
You have not taken this quiz